Influence of preceramic paper composition on microstructure and mechanical properties of spark plasma sintered Ti3SiC2-based composites; Journal of Physics: Conference Series; Vol. 1611 : Prospects of Fundamental Sciences Development (PFSD-2020)
| Parent link: | Journal of Physics: Conference Series Vol. 1611 : Prospects of Fundamental Sciences Development (PFSD-2020).— 2020.— [012007, 6 p.] |
|---|---|
| Autor corporatiu: | , , |
| Altres autors: | , , , , , , |
| Sumari: | Title screen This paper describes the effect of preceramic paper composition on microstructure and mechanical properties of Ti3SiC2-based composites. The preceramic paper with Ti3SiC2-powder filler and different content (from 10 to 40 wt.%) of organic component (cellulose) was prepared. The composites were obtained by spark plasma sintering (SPS) at 50 MPa pressure for 10 min holding time. The sintering temperature was 1473 K. The influence of organic content on microstructure, phase composition, and flexural strength of the sintered materials was analyzed by scanning electron microscopy (SEM), X-ray diffraction (XRD) and mechanical testing, respectively. It was revealed that the microstructure of the sintered materials became more porous with increasing of cellulose content in the paper. XRD analysis showed the presence of Ti3SiC2, TiC and TiSi2 phases in the sintered samples while the content of the Ti3SiC2 phase increase with decreasing of the organic content. The flexural strength changes from 100 (40 wt.%) to 300 MPa (10 wt.% organic binder) that is caused by porosity of the composites. |
| Idioma: | anglès |
| Publicat: |
2020
|
| Matèries: | |
| Accés en línia: | https://doi.org/10.1088/1742-6596/1611/1/012007 http://earchive.tpu.ru/handle/11683/63233 |
| Format: | MixedMaterials Electrònic Capítol de llibre |
| KOHA link: | https://koha.lib.tpu.ru/cgi-bin/koha/opac-detail.pl?biblionumber=662664 |
MARC
| LEADER | 00000naa2a2200000 4500 | ||
|---|---|---|---|
| 001 | 662664 | ||
| 005 | 20260113132959.0 | ||
| 035 | |a (RuTPU)RU\TPU\network\33819 | ||
| 035 | |a RU\TPU\network\33687 | ||
| 090 | |a 662664 | ||
| 100 | |a 20200922d2020 k||y0rusy50 ba | ||
| 101 | 0 | |a eng | |
| 102 | |a GB | ||
| 135 | |a vrcn ---uucaa | ||
| 181 | 0 | |a i | |
| 182 | 0 | |a b | |
| 200 | 1 | |a Influence of preceramic paper composition on microstructure and mechanical properties of spark plasma sintered Ti3SiC2-based composites |f E. P. Sedanova, E. B. Kashkarov, M. S. Syrtanov [et al.] | |
| 203 | |a Text |c electronic | ||
| 300 | |a Title screen | ||
| 320 | |a [References: 7 tit.] | ||
| 330 | |a This paper describes the effect of preceramic paper composition on microstructure and mechanical properties of Ti3SiC2-based composites. The preceramic paper with Ti3SiC2-powder filler and different content (from 10 to 40 wt.%) of organic component (cellulose) was prepared. The composites were obtained by spark plasma sintering (SPS) at 50 MPa pressure for 10 min holding time. The sintering temperature was 1473 K. The influence of organic content on microstructure, phase composition, and flexural strength of the sintered materials was analyzed by scanning electron microscopy (SEM), X-ray diffraction (XRD) and mechanical testing, respectively. It was revealed that the microstructure of the sintered materials became more porous with increasing of cellulose content in the paper. XRD analysis showed the presence of Ti3SiC2, TiC and TiSi2 phases in the sintered samples while the content of the Ti3SiC2 phase increase with decreasing of the organic content. The flexural strength changes from 100 (40 wt.%) to 300 MPa (10 wt.% organic binder) that is caused by porosity of the composites. | ||
| 338 | |b Российский научный фонд |d 19-19-00192 | ||
| 461 | 1 | |0 (RuTPU)RU\TPU\network\3526 |t Journal of Physics: Conference Series | |
| 463 | 1 | |0 (RuTPU)RU\TPU\network\33817 |t Vol. 1611 : Prospects of Fundamental Sciences Development (PFSD-2020) |o XVII International Conference of Students and Young Scientists, 21-24 April, 2020, Tomsk, Russian Federation |o [proceedings] |f National Research Tomsk Polytechnic University (TPU) |v [012007, 6 p.] |d 2020 | |
| 610 | 1 | |a электронный ресурс | |
| 610 | 1 | |a труды учёных ТПУ | |
| 610 | 1 | |a композиты | |
| 610 | 1 | |a искровое плазменное спекание | |
| 610 | 1 | |a спеченные материалы | |
| 701 | 1 | |a Sedanova |b E. P. |c Specialist in the field of nuclear technologies |c Engineer of Tomsk Polytechnic University |f 1994- |g Elizaveta Pavlovna |3 (RuTPU)RU\TPU\pers\45399 |9 21923 | |
| 701 | 1 | |a Kashkarov |b E. B. |c Physicist |c Associate Professor, Researcher of Tomsk Polytechnic University, Candidate of Physical and Mathematical Sciences |f 1991- |g Egor Borisovich |3 (RuTPU)RU\TPU\pers\34949 |9 18267 | |
| 701 | 1 | |a Syrtanov |b M. S. |c physicist |c Associate Professor, Researcher of Tomsk Polytechnic University, Candidate of Technical Sciences |f 1990- |g Maksim Sergeevich |3 (RuTPU)RU\TPU\pers\34764 |9 18114 | |
| 701 | 1 | |a Abdullina |b K. R. |g Kristina Rinatovna | |
| 701 | 1 | |a Mingazova |b Yu. R. |c Specialist in the field of nuclear technologies |c Engineer of Tomsk Polytechnic University |f 1998- |g Yuliya Rafailovna |3 (RuTPU)RU\TPU\pers\47088 | |
| 701 | 1 | |a Lider |b A. M. |c Physicist |c Professor of Tomsk Polytechnic University, Doctor of Technical Sciences |f 1976-2025 |g Andrey Markovich |3 (RuTPU)RU\TPU\pers\30400 |9 14743 | |
| 701 | 1 | |a Travitsky (Travitzky) |b N. |c specialist in the field of material science |c Professor of Tomsk Polytechnic University |f 1951- |g Nakhum |3 (RuTPU)RU\TPU\pers\42461 | |
| 712 | 0 | 2 | |a Национальный исследовательский Томский политехнический университет |b Инженерная школа ядерных технологий |b Отделение экспериментальной физики |3 (RuTPU)RU\TPU\col\23549 |
| 712 | 0 | 2 | |a Национальный исследовательский Томский политехнический университет |b Инженерная школа ядерных технологий |b Отделение ядерно-топливного цикла |3 (RuTPU)RU\TPU\col\23554 |
| 712 | 0 | 2 | |a Национальный исследовательский Томский политехнический университет |b Инженерная школа новых производственных технологий |b Отделение материаловедения |3 (RuTPU)RU\TPU\col\23508 |
| 801 | 1 | |a RU |b 63413507 |c 20150101 |g RCR | |
| 801 | 2 | |a RU |b 63413507 |c 20220204 |g RCR | |
| 856 | 4 | |u https://doi.org/10.1088/1742-6596/1611/1/012007 | |
| 856 | 4 | |u http://earchive.tpu.ru/handle/11683/63233 | |
| 942 | |c CF | ||